00813nam a22002297a 450000500170000001000130001702000100003003500130004003700160005304000120006908200160008110000270009724501310012426000410025527000360029630000240033265000230035665000250037994200250040499900190042995201350044820170124110153.0 aA-408265 c00.00 aA-408265 bCen Lib/Ret aDPLbEN a181.45bDES aDespande, P.Y. 934472 aThe authentic yoga :cby P.Y. Deshpande ba fresh look at pantajali's yoga sutras with a new translation, notes and comments / aNew Delhi bB.I. Publications c1978 bNew Delhi a54, janpathe110001 aix, 163p.c21cm(Hb) aPhilosophy 934473 aYoga darshan 934474 2ddccENh181.45mDES c132361d132361 00104070aLbLd2015-07-22eCen Lib/Retg0.00l1o181.45 DESpA-408265r2019-01-28 00:00:00s2019-01-14t1v0.00w2015-07-22yEN